书目信息 |
| 题名: |
会幽默·吸引人
|
|
| 作者: | 王金锋 , 刘元喜 编著 | |
| 分册: | ||
| 出版信息: | 北京 民主与建设出版社有限责任公司 2020.06 |
|
| 页数: | 152页 | |
| 开本: | 21cm | |
| 丛书名: | ||
| 单 册: | ||
| 中图分类: | B842.6 , C912.11 | |
| 科图分类: | ||
| 主题词: | 幽默(美学)--通俗读物 , 心理交往--通俗读物 | |
| 电子资源: | ||
| ISBN: | 978-7-5139-2863-2 | |
| 000 | 00901nam0 2200277 45 | |
| 001 | 012001002631 | |
| 005 | 20140202165940.0 | |
| 010 | @a978-7-5139-2863-2@dCNY25.60 | |
| 100 | @a20220905d2020 em y0chiy50 ea | |
| 101 | 0 | @achi |
| 102 | @aCN@b110000 | |
| 105 | @ay z 000yy | |
| 106 | @ar | |
| 200 | 1 | @a会幽默·吸引人@Ahui you mo·xi yin ren@f王金锋, 刘元喜编著 |
| 210 | @a北京@c民主与建设出版社有限责任公司@d2020.06 | |
| 215 | @a152页@d21cm | |
| 300 | @a成功处世方略 | |
| 330 | @a本书共设六章,内容包括:幽默使生活妙趣横生,幽默使工作锦上添花,幽默智慧的运用提高,用你的外貌吸引人,用你的服饰吸引人,用你的气质吸引人。 | |
| 606 | 0 | @a幽默(美学)@j通俗读物 |
| 606 | 0 | @a心理交往@j通俗读物 |
| 690 | @aB842.6@v5 | |
| 690 | @aC912.11@v5 | |
| 701 | 0 | @a王金锋@AWang Jin Feng@4编著 |
| 701 | 0 | @a刘元喜@Aliu yuan xi@4编著 |
| 801 | 0 | @aCN@bAHXH@c20221111 |
| 905 | @b1368552-6@dB842.6@e4340@f5 | |
| 会幽默·吸引人/王金锋, 刘元喜编著.-北京:民主与建设出版社有限责任公司,2020.06 |
| 152页;21cm |
| 成功处世方略 |
| ISBN 978-7-5139-2863-2:CNY25.60 |
| 本书共设六章,内容包括:幽默使生活妙趣横生,幽默使工作锦上添花,幽默智慧的运用提高,用你的外貌吸引人,用你的服饰吸引人,用你的气质吸引人。 |
| ● |
| 相关链接 |
|
|
|
|
正题名:会幽默·吸引人
索取号:B842.6/4340
 
预约/预借
| 序号 | 登录号 | 条形码 | 馆藏地/架位号 | 状态 | 备注 |
| 1 | 1368552 | 213685528 | 第一样本阅览室/ [索取号:B842.6/4340] | 在馆 | |
| 2 | 1368553 | 213685537 | 教育系资料室/ [索取号:B842.6/4340] | 在馆 | |
| 3 | 1368554 | 213685546 | 教育系资料室/ [索取号:B842.6/4340] | 在馆 | |
| 4 | 1368555 | 213685555 | 第一借阅区/ [索取号:B842.6/4340] | 在馆 | |
| 5 | 1368556 | 213685564 | 第一借阅区/ [索取号:B842.6/4340] | 在馆 | |
| 6 | 1400792 | 214007929 | 第一借阅区/ [索取号:B842.6/4340] | 在馆 | |
| 7 | 1400793 | 214007938 | 第一借阅区/ [索取号:B842.6/4340] | 在馆 | |
| 8 | 1400794 | 214007947 | 第一借阅区/ [索取号:B842.6/4340] | 在馆 | |
| 9 | 1400795 | 214007956 | 第一借阅区/ [索取号:B842.6/4340] | 在馆 |